| 000 | 01181cam a22002054a 4500 | ||
|---|---|---|---|
| 005 | 20250605164116.0 | ||
| 008 | 250528s ||||||||||||||||||||||||d | ||
| 035 | _a18107 | ||
| 020 | _a020103803X | ||
| 040 |
_aGR-AtMCL _bgre _dGR-AtMCL _eAACR2 |
||
| 245 | 1 | _aThe Art of Computer Programming / Volume 3/ Sorting and Searching | |
| 260 |
_bAddison-Wesley Publishing Company, _c1981 |
||
| 300 | _a726 | ||
| 505 | 0 | _aSorting, Combinational Properties of Permutations, Internal Sorting, Optimun Sorting, External Sorting, Summary and History and Bibliography, Searching, Sequential Searching, Digital Searching, Hashing, Retrieval on Secondary Keys, Answers to Exercises, Tables of Numerical Quantities, Index to Notations, Index and Glossary. | |
| 520 | _aSorting, Combinational Properties of Permutations, Internal Sorting, Optimun Sorting, External Sorting, Summary and History and Bibliography, Searching, Sequential Searching, Digital Searching, Hashing, Retrieval on Secondary Keys, Answers to Exercises, Tables of Numerical Quantities, Index to Notations, Index and Glossary. | ||
| 700 | 1 |
_aKnuth E. Donald _94399 |
|
| 942 | _cBK | ||
| 999 |
_c3491 _d3491 |
||